00955nam a2200241 i 450000100060000000300090000600500170001500700030003200800410003510000430007624501800011925000120029926000320031130000320034349000430037550000130041850400200043170000410045183000510049285200320054399900170057595201210059232325ES-MaACL20250927063034.0t|030131s1985 sp ||||1| spa d1 aBennassar, Bartolomé, d1929-92772714aLos españoles b: actitudes y mentalidad : desde el s. XVI al s. XIX / cBartolomé Bennassar ; versión íntegra del francés al castellano Araceli de la Encina Pascua. a1ª ed. a[Madrid] : bSwan, c[1985] a258 p., 8 lám. ; c24 cm.1 aColección Torre de la bótica ; v4 aIndices. aBibliografía.1 aEncina Pascua, Araceli de la.9471760 aColección Torre de la bótica ; v49229408 aES-MaACLjL-8525 bR.108679 c32325d32325 00104070aATENEOMbATENEOMcDEPO2d2008-01-17eSCl0oL-8525p1033479r2023-02-23 00:00:00w2023-02-23yMONOGRAFIA